| 000 | 00361nam a2200145Ia 4500 | ||
|---|---|---|---|
| 008 | 221030s9999 xx 000 0 und d | ||
| 041 | _aEnglish | ||
| 082 | _a105.23 | ||
| 100 | _aB. Y. Lipkin | ||
| 245 | 0 |
_aElectrical Equipment for Industry _cby B. Y. Lipkin |
|
| 260 |
_bHigher School Pub. House _aMoscow _c0 |
||
| 300 | _a277 | ||
| 650 | _aEE | ||
| 942 | _cBK | ||
| 999 |
_c11225 _d11225 |
||